书目信息 |
| 题名: |
企业安全管理知识问答
|
|
| 作者: | 崔国璋 , 武殿奎 编著 | |
| 分册: | ||
| 出版信息: | 北京 中国劳动出版社 1996.12 |
|
| 页数: | 287页 | |
| 开本: | 32开 | |
| 丛书名: | ||
| 单 册: | ||
| 中图分类: | X93-44 | |
| 科图分类: | ||
| 主题词: | 劳动--安全技术 , 劳动--安全工程 | |
| 电子资源: | ||
| ISBN: | 7-5045-1916-2 | |
| 000 | 00654nam0 2200217 45 | |
| 001 | 0009291912 | |
| 005 | 20000929191027.7 | |
| 010 | @a7-5045-1916-2@d15.20元 | |
| 100 | @a20000929d1996 km y0chiy0120 ea | |
| 101 | 0 | @achi |
| 105 | @a z 000yy | |
| 200 | 1 | @a企业安全管理知识问答@AQi Ye An Quan Guan Li Zhi Shi Wen Da@f崔国璋,武殿奎编著@FCui Guo Zhang,Wu Dian Kui Bian Zhu |
| 210 | @a北京@c中国劳动出版社@d1996.12 | |
| 215 | @a287页@d32开 | |
| 606 | 0 | @a劳动@x安全技术 |
| 606 | 0 | @a劳动@x安全工程 |
| 690 | @aX93-44@v3 | |
| 701 | 0 | @a崔国璋@4编著 |
| 701 | 0 | @a武殿奎@4编著 |
| 801 | @aCN@bPftUser@c20000929 | |
| 905 | @b159495-499@dX93-44@eC965@f5 | |
| 企业安全管理知识问答/崔国璋,武殿奎编著.-北京:中国劳动出版社,1996.12 |
| 287页;32开 |
| ISBN 7-5045-1916-2:15.20元 |
| ● |
| 相关链接 |
|
|
|
正题名:企业安全管理知识问答
索取号:X93-44/C965
 
预约/预借
| 序号 | 登录号 | 条形码 | 馆藏地/架位号 | 状态 | 备注 |
| 1 | 159495 | 201594952 | 期刊室512/501自科库 121排2列3层/ [索取号:X93-44/C965] | 在馆 | |
| 2 | 159496 | 201594961 | 自科库501/501自科库 121排2列3层/ [索取号:X93-44/C965] | 在馆 | |
| 3 | 159497 | 201594970 | 期刊室512/501自科库 121排2列3层/ [索取号:X93-44/C965] | 在馆 | |
| 4 | 159498 | 201594989 | 期刊室512/501自科库 121排2列3层/ [索取号:X93-44/C965] | 在馆 | |
| 5 | 159499 | 201594998 | 自科库501/501自科库 121排2列3层/ [索取号:X93-44/C965] | 在馆 |